| 000 -LEADER |
| fixed length control field |
01197nam a22002057a 4500 |
| 005 - DATE AND TIME OF LATEST TRANSACTION |
| control field |
20200123151547.0 |
| 008 - FIXED-LENGTH DATA ELEMENTS--GENERAL INFORMATION |
| fixed length control field |
200123c2019 ge ||||| |||| 00| 0 geo d |
| 022 ## - INTERNATIONAL STANDARD SERIAL NUMBER |
| International Standard Serial Number |
24493112 |
| 041 ## - LANGUAGE CODE |
| Language code of text/sound track or separate title |
geo |
| 245 ## - TITLE STATEMENT |
| Title |
სისხლის სამართლის აქტუალური საკითხები : |
| Remainder of title |
2019 :№ 4 / |
| Statement of responsibility, etc. |
სარედ.საბჭო: მაია ივანიძე ; მარინა მესხი [და სხ.; ] |
| 260 ## - PUBLICATION, DISTRIBUTION, ETC. |
| Place of publication, distribution, etc. |
თბილისი : |
| Name of publisher, distributor, etc. |
მერიდიანი, |
| Date of publication, distribution, etc. |
2019. |
| 300 ## - PHYSICAL DESCRIPTION |
| Extent |
V. |
| 653 ## - INDEX TERM--UNCONTROLLED |
| Uncontrolled term |
სამართალი. |
| 653 ## - INDEX TERM--UNCONTROLLED |
| Uncontrolled term |
ადამიანის უფლებები. |
| 653 ## - INDEX TERM--UNCONTROLLED |
| Uncontrolled term |
პერიოდიკა |
| 700 ## - ADDED ENTRY--PERSONAL NAME |
| Personal name |
ივანიძე, მაია |
| Relator term |
სარედქციო საბჭო |
| 9 (RLIN) |
6339 |
| 700 ## - ADDED ENTRY--PERSONAL NAME |
| Personal name |
მესხი, მარინა |
| Relator term |
სარედქციო საბჭო |
| 9 (RLIN) |
6340 |
| 710 ## - ADDED ENTRY--CORPORATE NAME |
| Relator term |
ივანე ჯავახიშვილის სახელობის თბილისის სახელმწიფო უნივერსიტეტის იურიდიული ფაკულტეტი |
| 9 (RLIN) |
6343 |
| 942 ## - ADDED ENTRY ELEMENTS (KOHA) |
| Source of classification or shelving scheme |
|
| Koha item type |
წიგნი |